| 000 | 00680nam a22001697a 4500 | ||
|---|---|---|---|
| 082 | _a621.3 | ||
| 100 | _aAzhar, Ayesha ; Musaab, Mirza Muhammad ; Khan, Hashim Ali | ||
| 245 |
_aMUAWIN-Smart Assistive Device for Nutrition Monitoring & Control of Chronic Dialysis Patients / _cAyesha Azhar ; Mirza Muhammad Musaab ; Hashim Ali Khan |
||
| 260 |
_aIslamabad : _bSEECS - NUST, _c2019. |
||
| 300 |
_a101 p. ; _c30cm. |
||
| 563 | _aHB | ||
| 650 |
_aElectrical Engineering-Project Report _930780 |
||
| 700 |
_aDr. Imran Mehmood _931069 |
||
| 856 | _uhttp://10.250.8.41:8080/xmlui/handle/123456789/29286 | ||
| 942 |
_2ddc _cPR |
||
| 999 |
_c536131 _d536131 |
||